000 00216nam a2200097Ia 4500
008 230508s1989 xx 000 0 und d
041 _aeng
100 _aMALI & CHOUDHARI
245 _aMACHINE DRAWING
260 _c1989
999 _c738225
_d738225